करुणेतून तेज झरावे (Record no. 223943)

MARC details
000 -LEADER
fixed length control field 00619nam a2200169Ia 4500
008 - FIXED-LENGTH DATA ELEMENTS--GENERAL INFORMATION
fixed length control field 090201s9999 xx 000 0 und d
010 ## - LIBRARY OF CONGRESS CONTROL NUMBER
LC control number KPL-36067
040 ## - CATALOGING SOURCE
Language of cataloging मराठी
041 ## - LANGUAGE CODE
Language code of text/sound track or separate title मराठी
082 ## - DEWEY DECIMAL CLASSIFICATION NUMBER
Classification number 24631
Item number 36067
100 ## - MAIN ENTRY--PERSONAL NAME
Personal name मंदाकिनी अष्टीकर
245 ## - TITLE STATEMENT
Title करुणेतून तेज झरावे
Statement of responsibility, etc मंदाकिनी अष्टीकर
260 ## - PUBLICATION, DISTRIBUTION, ETC. (IMPRINT)
Date of publication, distribution, etc 2004
Name of publisher, distributor, etc बंादोडकर पब्लिशिंग हाऊस
300 ## - PHYSICAL DESCRIPTION
Extent 219
Other physical details मोठा
600 ## - SUBJECT ADDED ENTRY--PERSONAL NAME
Personal name करुणेतून तेज झरावे
942 ## - ADDED ENTRY ELEMENTS (KOHA)
Koha item type Book
Holdings
Withdrawn status Lost status Damaged status Not for loan Home library Current library Date acquired Cost, normal purchase price Total Checkouts Barcode Date last seen Copy number Cost, replacement price Price effective from Koha item type
        Sarvajanik Wachanalaya, Kalyan Sarvajanik Wachanalaya, Kalyan   45.00   KPL-36067 02/01/2009 1 45.00 02/01/2009 Book